Παράθυρο / Στην Εκπαίδευση του Παιδιού (Record no. 8765)
[ view plain ]
| 000 -LEADER | |
|---|---|
| fixed length control field | 01400cam a22001694a 4500 |
| 005 - ΗΜΕΡΟΜΗΝΙΑ ΚΑΙ ΩΡΑ ΤΕΛΕΥΤΑΙΑΣ ΕΝΗΜΕΡΩΣΗΣ | |
| Πεδίο ελέγχου | 20250605163649.0 |
| 008 - FIXED-LENGTH DATA ELEMENTS--GENERAL INFORMATION | |
| Πεδίο ελέγχου σταθερού μήκους | 250528s ||||||||||||||||||||||||d |
| 035 ## - SYSTEM CONTROL NUMBER | |
| System control number | 23838 |
| 040 ## - ΠΗΓΗ ΚΑΤΑΛΟΓΟΓΡΑΦΗΣΗΣ | |
| Φορέας πρωτότυπης καταλογογράφησης | MC Athens Campus Library |
| Γλώσσα καταλογογράφησης | Ελληνικά, Μοντέρνα (1453-) |
| Modifying agency | MC Athens Campus Library |
| Κανόνες περιγραφικής καταλογογράφησης | AACR2 |
| 245 1# - ΤΙΤΛΟΣ ΚΑΙ ΔΗΛΩΣΗ ΥΠΕΥΘΥΝΟΤΗΤΑΣ | |
| Τίτλος | Παράθυρο / Στην Εκπαίδευση του Παιδιού |
| 260 ## - PUBLICATION, DISTRIBUTION, ETC. | |
| Name of publisher, distributor, etc. | Ωρίων, |
| Date of publication, distribution, etc. | 2012 |
| 300 ## - PHYSICAL DESCRIPTION | |
| Extent | 242 |
| 520 ## - SUMMARY, ETC. | |
| Summary, etc. | Είσαι το Φλάμπουρο, Ονειροτάξιδα, Ξημέρωσε η 25η Μαρτίου του 1821, Άρης - Απόλλωνας - Δήμητρα, Το Κουκουέατρο στην Ελλάδα σήμερα, Τα Μουσικόφιλα Ζώα, 'Νερό για τη Ζωή' Διεθνής Δεκαετία Δράσης 2005-2015 και Πακόσμια Ημέρα Νερού 22 Μαρτίου, Η Παπαρούνα και ο Κοκκινολαίμης, Ω Γλυκή μου Έαρ, Αι Γενεαί Πάσαι, Το Φιλί της Ανάστασης, Η Γιαγιά και η Μαριγώ και το Κόκκινο Αυγό, Μια Ωραία Πεταλούδα, Ένας Νέος Φίλος για τα Παιδιά του Νηπιαγωγείου, Ψυχολογία και Σχολεία: Η Συναισθηματική Π΄ραξη Μέσα και Δραστηριότητες, Κατασκευές, Βιβλιοπαρουσιάσεις. |
| 942 ## - ADDED ENTRY ELEMENTS (KOHA) | |
| Koha item type | Περιοδικά Δημοσιεύματα |
| Τύπος τεκμηρίου | Βιβλιοθήκη | Τρέχουσα τοποθεσία | Barcode | Αριθμός εισαγωγής | Ημερομηνία απόκτησης | Ταξιθετικό σύμβολο | Αριθμός αντιτύπου | Κατάσταση απόσυρσης | Κατάσταση χαμένου | Κατάσταση κατεστραμμένου | Μη δανεισμός | Σύνολο δανεισμών | Ημερομηνία τελευταίας εμφάνισης | Η τιμή ισχύει από |
|---|---|---|---|---|---|---|---|---|---|---|---|---|---|---|
| Περιοδικά Δημοσιεύματα | MC Athens Campus Library | MC Athens Campus Library | 9780000087645 | 74 | 05/06/2025 | ΠΑΡΑΘΥΡΟ | 1 | 05/06/2025 | 05/06/2025 |